Southville International School and Colleges
Your cart is empty.
  • Cart
  • Lists
    Public lists Eva Luna New books Lux_list list_1
    Your lists Log in to create your own lists
  • Log in to your account
  • Your cookies
  • Search history
Southville International School and Colleges
  • Advanced search
  • Recent comments
  • Most popular
  • Libraries

Log in to your account

Log in with GOOGLE


If you do not have an external account, but do have a local account, you can still log in:

  1. Home
  2. MARC view: Building dreams /
Normal view MARC view ISBD view

Building dreams / (Record no. 113145)

[ view plain ]
MARC details
000 -LEADER
fixed length control field 00500nam a2200181 a 4500
001 - CONTROL NUMBER
control field 2345
005 - DATE AND TIME OF LATEST TRANSACTION
control field 20140414132004.0
008 - FIXED-LENGTH DATA ELEMENTS--GENERAL INFORMATION
fixed length control field 001111s19uu xx 00 eng d
020 ## - INTERNATIONAL STANDARD BOOK NUMBER
International Standard Book Number 0-669-08051-9
050 ## - LIBRARY OF CONGRESS CALL NUMBER
Classification number TR 428.6
Item number B15 1986
245 ## - TITLE STATEMENT
Title Building dreams /
Statement of responsibility, etc Mildred H. Bailey, et. al.
250 ## - EDITION STATEMENT
Edition statement Teacher's edition
260 ## - PUBLICATION, DISTRIBUTION, ETC. (IMPRINT)
Place of publication, distribution, etc Lexington, MA :
Name of publisher, distributor, etc D. C. Heath & Comp,
Date of publication, distribution, etc 1986.
300 ## - PHYSICAL DESCRIPTION
Extent 575 p. : ill. ; cm.
440 ## - SERIES STATEMENT/ADDED ENTRY--TITLE
Title Heath American Readers
650 ## - SUBJECT ADDED ENTRY--TOPICAL TERM
Topical term or geographic name as entry element Reading.
Holdings
Withdrawn status Lost status Damaged status Home library Current library Shelving location Date acquired Source of acquisition Total Checkouts Full call number Barcode Date last seen Price effective from Koha item type
      Munich Library Munich Library Teachers Reference Section 05/26/2005     TR 428.6 B15 1986 M4641 04/14/2014 04/14/2014 Books

Building dreams /

APA

(1986). Building dreams. Lexington, MA: D. C. Heath & Comp.

Chicago

1986. Building dreams. Lexington, MA: D. C. Heath & Comp.

Harvard

(1986). Building dreams. Lexington, MA: D. C. Heath & Comp.

MLA

Building dreams. Lexington, MA: D. C. Heath & Comp. 1986.

  • Place hold
  • Print
  • Cite
  • Add to your cart (remove)
  • Save record
    BIBTEX Dublin Core MARCXML MARC (non-Unicode/MARC-8) MARC (Unicode/UTF-8) MARC (Unicode/UTF-8, Standard) MODS (XML) RIS
  • More searches
    Search for this title in:
    Other Libraries (WorldCat) Other Databases (Google Scholar) Online Stores (Bookfinder.com) Open Library (openlibrary.org)

Exporting to Dublin Core...

SOUTHVILLE LIBRARY

Southville International School and Colleges Library

1281 Tropical Ave. Cor. Luxembourg St., BF Homes International, Las Pinas City

Tel. No. 8256374 / 252358 Loc. 117/146

Powered by Koha